Osobnosť učiteľa a jeho výchovné pôsobenie ako zdroj strachu žiakov v škole

Identifikácia zdrojov strachu žiakov v škole, ktorý vyplýva zo vzájomnej interakcie a komunikácie medzi učiteľom a žiakmi s dôrazom na učiteľovu osobnosť, jeho vlastnosti a výchovné pôsobenie na žiakov.

Uložené v:
Podrobná bibliografia
Hlavný autor: Čonková, Andrea, 1982-
Médium: Kapitola
Jazyk:Slovak
Predmet:
Tagy: Pridať tag
Žiadne tagy, Buďte prvý, kto otaguje tento záznam!

MARC

LEADER 00000nla a2200000 4500
001 0206827
005 20240502083517.4
041 0 |a slo 
044 |a CZ 
245 1 0 |a Osobnosť učiteľa a jeho výchovné pôsobenie ako zdroj strachu žiakov v škole  |c Andrea Čonková 
520 |a Identifikácia zdrojov strachu žiakov v škole, ktorý vyplýva zo vzájomnej interakcie a komunikácie medzi učiteľom a žiakmi s dôrazom na učiteľovu osobnosť, jeho vlastnosti a výchovné pôsobenie na žiakov. 
610 2 0 |a školy 
610 2 0 |a výchova 
610 2 0 |a vyučovanie 
610 2 0 |a pedagogika sociálna 
610 2 0 |a didaktika 
610 2 0 |a komunikácia 
610 2 0 |a učitelia 
610 2 0 |a žiaci 
100 1 |a Čonková, Andrea, 1982-